000 00380nam a2200157Ia 4500
008 160316s1999 xxu||||| |||| 00| 0 eng d
082 _a333.782000
_bTHE
100 _a
245 _aTiger conservation project enters 2 year
250 _a
260 _a
_bThe Hindu
_c1999
300 _a1
_b
_c
365 _b
650 _a1. Tiger conservation - national park
700 _a
_a
999 _c41114
_d41114